Aerodynamics /

Bibliographic Details
Main Author: Piercy, Norman Augustus Victor, 1891-
Format: Book
Language:English
Published: London : English universities press, [1947]
Edition:2d ed., rev. and enl.
Subjects:

MARC

Tag First Indicator Second Indicator Subfields
LEADER 00000cam a2200000 i 4500
001 in00000096204
005 20150925085913.0
008 780420s1947 enka 00110 eng d
010 |a  47024027  
035 |a (OCoLC)03815761 
035 |9 AAL2161AM 
040 |a TXU  |c TXU  |d TXA  |d UtOrBLW 
049 |a TXAM  |c [371635] 
090 |a TL570  |b .P48 1947 
100 1 |a Piercy, Norman Augustus Victor,  |d 1891- 
245 1 0 |a Aerodynamics /  |c by N. A. V. Piercy. 
250 |a 2d ed., rev. and enl. 
264 1 |a London :  |b English universities press,  |c [1947] 
264 4 |c ©1947 
300 |a xvi, 536 pages :  |b illustrations, diagrams ;  |c 23 cm. 
336 |a text  |b txt  |2 rdacontent 
337 |a unmediated  |b n  |2 rdamedia 
338 |a volume  |b nc  |2 rdacarrier 
500 |a Includes index. 
500 |a "First published 1937." 
650 0 |a Aerodynamics. 
650 0 |a Aeronautics. 
999 |a MARS 
999 f f |s 8bb86878-8fa0-3a1a-84b6-3acc852a7e45  |i 7ef3ffab-6f77-3465-b336-07a95e722bc8  |t 0 
952 f f |p ric  |a Texas A&M University  |b Rellis Campus  |c Joint Library Facility  |d Remote Storage  |t 0  |e TL570 .P48 1947  |h Library of Congress classification  |i unmediated -- volume  |m A14805542818 
998 f f |a TL570 .P48 1947  |t 0  |l Remote Storage